|
|
|
|
| LEADER |
00000nab a2200000 a 4500 |
| 001 |
vtls000358369 |
| 003 |
SK-MaSNL |
| 005 |
20260302223645.0 |
| 008 |
111201c1989 xo 0 slo |
| 015 |
|
|
|a SNBRB19rr/mm-uuuuu
|
| 035 |
|
|
|a CL0358491
|
| 040 |
|
|
|a SNKBUCL
|b slo
|c SNKBUCL
|e AACR2
|
| 041 |
0 |
|
|a slo
|
| 044 |
|
|
|a xo
|c SK
|
| 080 |
|
|
|a 331.88(100)(47)
|2 1981
|
| 100 |
1 |
|
|a Kazakov, Leonid
|4 aut
|9 953647
|
| 245 |
1 |
0 |
|a Pre spokojnosť pracujúcich
|b Tajomník VC SPS L. Kazakov o robotníckej kontrole odborov
|c Leonid Kazakov, Jozef Zelenák
|
| 650 |
0 |
7 |
|a odbory
|2 snkbucl
|9 2328
|
| 655 |
|
7 |
|a články z novín a časopisov
|2 snkbucl
|9 267496
|
| 700 |
1 |
|
|a Zelenák, Jozef
|4 aut
|9 274996
|
| 773 |
0 |
|
|t Práca
|g Roč. 44, č. 185 (8. 8. 1989), s. 3
|
| 850 |
|
|
|a Slovenská národná knižnica v Martine
|a MTA001
|
| 852 |
|
|
|a SNK
|b KIS3GCP
|
| 958 |
|
|
|a RK
|
| 958 |
|
|
|a SU
|
| 992 |
|
|
|a RBX
|
| 999 |
|
|
|c 1521277
|d 1523207
|